Detalles MARC
| 000 -LÍDER |
| Campo fijo de descripción fija |
01791aam a2200373 i 4500 |
| 001 - NÚMERO DE CONTROL |
| Campo de control |
768714001 |
| 003 - IDENTIFICADOR DEL NÚMERO DE CONTROL |
| Campo de control |
CO-MdFUSB |
| 005 - FECHA Y HORA DE LA ULTIMA TRANSACCIÓN |
| control field |
20250908112722.0 |
| 007 - CAMPO FIJO DE DESCRIPCIÓN FIJA--INFORMACIÓN GENERAL |
| Campo fijo de descripción fija |
ta |
| 008 - ELEMENTOS DE LONGITUD FIJA -- INFORMACIÓN GENERAL |
| Campo fijo de descripción fija -- Información general |
240704t1981 -us |||| |||| 00| 0 eng d |
| 020 ## - NÚMERO INTERNACIONAL NORMALIZADO PARA LIBROS |
| Número Internacional Normalizado del libro |
0801021979 |
| 040 ## - FUENTE DE CATALOGACIÓN |
| Agencia que realiza la transcripción |
CO-MdFUSB |
| 041 0# - CÓDIGO DE IDIOMA |
| Código de idioma para texto/pista de sonido o título separado |
eng |
| 082 04 - NÚMERO DE CLASIFICACIÓN DECIMAL DEWEY |
| Número de clasificación |
220.6 |
| Número de la edición del Dewey |
23 |
| Clave de autor-Numero de item |
K13 |
| 100 ## - ASIENTO PRINCIPAL--NOMBRE PERSONAL |
| Nombre personal |
Kaiser, Walter C., |
| Término relacionador |
autor |
| 245 10 - TÍTULO |
| Título del Material |
Toward an Exegetical Theology : |
| Parte restante del título - Subtitulo |
Biblical Exegesis for Preaching and Teaching |
| Mención de responsabilidad, etc. |
/ Walter C. Kaiser |
| 250 ## - MENCIÓN DE EDICIÓN |
| Mención de edición |
primera edición |
| 264 #1 - PRODUCCIÓN, PUBLICACIÓN, DISTRIBUCIÓN, MANUFACTURA, Y COPYRIGHT |
| Nombre del productor, publicador, distribuidor |
Baker Books, |
| Lugar de producción, publicación, distribución, manufactura |
Grand Rapids, Michigan : |
| Fecha de producción, publicación, distribución, manufactura, o copyright |
[1981] |
| 264 #4 - PRODUCCIÓN, PUBLICACIÓN, DISTRIBUCIÓN, MANUFACTURA, Y COPYRIGHT |
| Fecha de producción, publicación, distribución, manufactura, o copyright |
©1981 |
| 300 ## - DESCRIPCIÓN FÍSICA |
| Extensión |
268 páginas |
| Dimensiones |
; 23 cm |
| 336 ## - TIPO DE CONTENIDO |
| Fuente |
rdacontent |
| Término de tipo de contenido |
texto |
| Código de tipo de contenido |
txt |
| 337 ## - TIPO DE MEDIO |
| Fuente |
rdamedia |
| Nombre del tipo de medio |
sin mediación |
| Código del tipo de medio |
n |
| 338 ## - TIPO DE SOPORTE |
| Fuente |
Texto en inglés |
| Nombre del tipo de soporte |
volumen |
| Código Tipo de soporte |
nc |
| 500 ## - NOTA GENERAL |
| Nota General |
Tabla de contenido traducida por la agencia catalogadora |
| 505 ## - NOTA DE CONTENIDO |
| Nota de contenido con formato preestablecido |
Introducción. -- Crisis actuales en la teología exegética. -- Definición e historia de la exégesis. -- El método sintáctico-teológico. -- Análisis contextual. -- Análisis sintáctico. -- Análisis verbal. -- Análisis teológico. -- Análisis homilético. -- Ilustraciones de análisis sintáctico y homilético. -- Asuntos especiales. -- El uso de la profecía en la predicación expositiva. -- El uso de la narrativa en la predicación expositiva. -- El uso de la poesía en la predicación expositiva. -- Conclusión. -- El exégeta/pastor y el poder de Dios. |
| 520 ## - NOTA DE RESUMEN, ETC. |
| Nota de sumario, etc. |
Propone un método de interpretación bíblica que consiste en análisis contextual, sintáctico, verbal, teológico y homilético. |
| 563 ## - NOTA DE ENCUADERNACIÓN |
| Nota de encuadernación |
Rústico |
| 653 ## - TÉRMINO DE INDIZACIÓN - NO CONTROLADO |
| Término no controlado |
Exégesis bíblica -- Método |
| 653 ## - TÉRMINO DE INDIZACIÓN - NO CONTROLADO |
| Término no controlado |
Predicación -- Métodos |
| 653 ## - TÉRMINO DE INDIZACIÓN - NO CONTROLADO |
| Término no controlado |
Enseñanza bíblica -- Métodos |
| 942 ## - TIPO DE MATERIAL (KOHA) |
| Tipo de Item KOHA |
Libros General |
| 945 ## - INFORMACIÓN LOCAL DEL REGISTRO |
| Catalogador |
JTF-925 |